Statistics for Maine State Universities

Click here to take the quiz!

General Stats

  • This quiz has been taken 146 times
  • The average score is 7 of 14

Answer Stats

HintAnswer% Correct
Orono
93%
Augusta
78%
Farmington
76%
Southern Maine
75%
Presque Isle
71%
Fort Kent
66%
Southern Maine
54%
Machias
52%
Central Maine
33%
Eastern Maine
27%
Northern Maine
25%
Kennebec Valley
18%
York County
10%
Washington County
9%

Score Distribution

Percentile by Number Answered

Percent of People with Each Score

Your Score History

You have not taken this quiz